Cuentos de matrimonios / (Registro nro. 10487)
[ vista simple ]
| 000 -LIDER | |
|---|---|
| fixed length control field | 00709nam a22002417a 4500 |
| 001 - NÚMERO DE CONTROL | |
| Identificador de número de control | 00562 |
| 003 - IDENTIFICACDOR DE NÚMERO DE CONTROL | |
| control field | DO-SdBNP |
| 005 - DATE AND TIME OF LATEST TRANSACTION | |
| control field | 20240527114413.0 |
| 007 - CAMPOS FIJOS DE DESCRIPCIÓN FÍSICA | |
| fixed length control field | 00562 |
| 008 - ELEMENTOS DE LONGITUD FIJA | |
| fixed length control field | 160622b 2010 ag |||| 00| 0 spa d |
| 020 ## - ISBN | |
| International Standard Book Number | 9789870414216 |
| 040 ## - FUENTE DE CATALOGACIÓN | |
| Agencia que crea de manera original el registro | BPMSU |
| Idioma de catalogación | spa |
| Agencia que realiza la transcripción | BPMSU |
| 082 #4 - NÚMERO DE CLASIFICACIÓN DECIMAL DE DEWEY | |
| Classification number | 808.83 |
| Item number | C965m 2010 |
| Edition number | 22 |
| 245 10 - MENCIÓN DE TITULO | |
| Título | Cuentos de matrimonios / |
| Mención de responsabilidad | Leopoldo Alas... [y otros] ; prólogo Claudia Piñeiro |
| 260 ## - PUBLICACIÓN, DISTRIBUCIÓN, ETC. (PIE DE IMPRENTA) | |
| Lugar de publicación, distribución, etc | Argentina : |
| Nombre del editor, distribuidor, etc. | Alfaguara, |
| Fecha de publicación, distribución, etc | 2010. |
| 300 ## - DESCRIPCIÓN FÍSICA | |
| Extensión | 286 p. : |
| Dimensiones | 24 cm. |
| 650 #4 - ENCABEZAMIENTO DE MATERIA--TEMÁTICO | |
| Término temático o nombre geográfico como elemento de entrada | Cuentos |
| Subdivisión de forma | colecciones |
| 650 #4 - ENCABEZAMIENTO DE MATERIA--TEMÁTICO | |
| Término temático o nombre geográfico como elemento de entrada | Matrimonios |
| Subdivisión de forma | Cuentos |
| 700 1# - ASIENTO SECUNDARIO -- NOMBRE PERSONAL | |
| Nombre personal | Piñeiro, Claudia, |
| Mención de responsabilidad | traductor |
| 700 1# - ASIENTO SECUNDARIO -- NOMBRE PERSONAL | |
| Nombre personal | Alas, Leopoldo |
| Mención de responsabilidad | autor |
| 910 ## - VALIDACIÓN | |
| Validación | VMateo V. Control de dalidad. BPMSU |
| 942 ## - ADDED ENTRY ELEMENTS (KOHA) | |
| Source of classification or shelving scheme | Dewey Decimal Classification |
| Koha item type | Libros |
| Withdrawn status | Lost status | Source of classification or shelving scheme | Damaged status | Not for loan | Collection code | Home library | Current library | Date acquired | Source of acquisition | Total Checkouts | Full call number | Barcode | Date last seen | Price effective from | Koha item type | Copy number |
|---|---|---|---|---|---|---|---|---|---|---|---|---|---|---|---|---|
| Dewey Decimal Classification | Colección General | Biblioteca Pública Metropolitana Salomé Ureña | Biblioteca Pública Metropolitana Salomé Ureña | 06/22/2016 | Santillana | BPMSU CG 808.83 C965m 2010 | BPMSU16060324 | 06/22/2016 | 06/22/2016 | Libros | ||||||
| Dewey Decimal Classification | Colección General | Biblioteca Pública Metropolitana Salomé Ureña | Biblioteca Pública Metropolitana Salomé Ureña | 06/22/2016 | Santillana | BPMSU CG 808.83 C965m 2010 | BPMSU16060325 | 06/22/2016 | 06/22/2016 | Libros | e.2 | |||||
| Dewey Decimal Classification | Colección General | Biblioteca Pública Metropolitana Salomé Ureña | Biblioteca Pública Metropolitana Salomé Ureña | 06/22/2016 | Santillana | BPMSU CG 808.83 C965m 2010 | BPMSU16060326 | 06/22/2016 | 06/22/2016 | Libros | e.3 |